Statistics for UK Geography A-Z

Click here to take the quiz!

General Stats

  • This quiz has been taken 139 times
    (106 since last reset)
  • The average score is 16 of 24

Answer Stats

LetterHintAnswer% Correct
BTallest mountainBen Nevis
97%
GLargest Scottish city and home to Celtic and RangersGlasgow
93%
JSelf-governing dependency of the UK in the English ChannelJersey
93%
M2nd most visited English city by touristsManchester
93%
FBritish self-governing overseas territory that was the subject of a war in 1982Falkland Islands
89%
INortheastern Scottish city known as the capital of the HighlandsInverness
89%
PPilgrim fathers set sail for the new world from this cityPlymouth
89%
VOne of the underground's lines named after former QueenVictoria
86%
YRoman Built City in the NorthYork
86%
KRoyal Palace where the Duke and Duchess of Cambridge liveKensington
83%
CSouthern city home to half of the Church of EnglandCanterbury
82%
SKnown as Steel CitySheffield
76%
U6 counties in this region are located in the UK, the other 3 are in IrelandUlster
74%
ECounty capital of DevonExeter
68%
ALargest island in the Irish SeaAnglesey
63%
TThe England Rugby team play in this stadiumTwickenham
55%
OArchipelago off the northeastern coast of ScotlandOrkney Islands
51%
RCathedral city in the Borough of HarrogateRipon
45%
WJack the Ripper's murders occurred in this East End District of LondonWhitechapel
41%
HThis city hosted the Eurovision song contest in 1982Harrogate
30%
NMarket Town in Devon famous for its racecourseNewton Abbot
29%
LMost southerly point of the UK mainlandLizard Point
26%
ZSmall village in CornwallZennor
12%
DMost northerly point of the UK mainlandDunnet Head
5%

Score Distribution

Percentile by Number Answered

Percent of People with Each Score

Your Score History

You have not taken this quiz since the last reset